Maqabir Bani Hasan : al-Surah .. wa-al-Dalalah.

محفوظ في:

مؤلف مشترك: Markaz Tasjīl al-Āthār al-Miṣrīyah.

التنسيق: كتاب

اللغة: Arabic

منشور في: al-Qāhirah : Markaz Tasjīl al-Āthār al-Miṣrīyah, 2012.

الطبعة: Tab'ah 1.

الموضوعات:

الوسوم: إضافة وسم

لا توجد وسوم, كن أول من يضع وسما على هذه التسجيلة!

رقم الطلب: DT73 .B4 M3 2012

LEADER 00718nam a2200229Ia 4500
003 OSt
005 20241104132604.0
008 231106s2012 ua a b 001 0 ara d
999 |c 54943  |d 54943 
040 |c ARCE Library 
050 4 |a DT73 .B4 M3 2012 
110 2 |a Markaz Tasjīl al-Āthār al-Miṣrīyah. 
245 1 0 |a Maqabir Bani Hasan :   |b al-Surah .. wa-al-Dalalah. 
250 |a Tab'ah 1. 
264 1 |a al-Qāhirah :   |b Markaz Tasjīl al-Āthār al-Miṣrīyah,   |c 2012. 
300 |a 337 p. :   |b illustrations ;   |c 30 cm. 
504 |a Includes bibliographical references and indexes. 
650 0 |a Tombs -- Egypt. 
651 0 |a Beni Hasan (Egypt) 
651 0 |a Egypt -- Antiquities. 
901 |a reviewed 
942 |2 lcc  |c BK